[Event "Perth op"]
[Site "Perth"]
[Date "2023.01.04"]
[Round "4"]
[White "Ellis, David"]
[Black "Yu, Leiming"]
[Result "1-0"]
[WhiteElo "1770"]
[BlackElo "1511"]
[PlyCount "51"]
[EventDate "2023.01.02"]
[EventType "swiss"]
[EventRounds "11"]
[EventCountry "AUS"]
[SourceTitle "CBM 212 Extra"]
[Source "ChessBase"]
[SourceDate "2023.03.31"]
[SourceVersion "1"]
[SourceVersionDate "2023.03.31"]
[SourceQuality "1"]

1. Nf3 d5 2. b3 Nf6 3. Bb2 c5 4. e3 Nc6 5. Bb5 a6 6. Bxc6+ bxc6 7. Ne5 Qc7 8. f4 Bf5 9. d3 h6 10. Nd2 e6 11. Qe2 Be7 12. 0-0 0-0 13. g4 Bh7 14. h4 Nd7 15. g5 hxg5 16. hxg5 Nxe5 17. Bxe5 Bd6 18. Nf3 f6 19. Bxd6 Qxd6 20. Qg2 Kf7 21. g6+ Bxg6 22. Ne5+ Ke8 23. Qxg6+ Ke7 24. Qxg7+ Ke8 25. Ng6 Ra7 26. Qxf8+ 1-0